000 00634nam a2200181Ia 4500
008 151202s9999||||xx |||||||||||||| ||und||
082 _bPNVM-72796
100 _aनाईक ज्ञानदा.
245 _aरेडी स्टेडी गो.
260 _b"मुक्ता पब्लिशिंग हाउस, कोल्हापूर."
260 _c72796
300 _a162
600 _aनाईक ज्ञानदा.
630 _aरेडी स्टेडी गो.
700 _aनाईक ज्ञानदा.
730 _aरेडी स्टेडी गो.
942 _cBOOK
999 _c1339461
_d1339458